Hanuman: (Record no. 143258)

MARC details
000 -LEADER
fixed length control field 00614nam a22002057a 4500
005 - DATE AND TIME OF LATEST TRANSACTION
control field 20170811110142.0
010 ## - LCCN (DPL NO)
LC control number ENG-119632
020 ## - INTERNATIONAL STANDARD BOOK NUMBER
International Standard Book Number 9788170175438
Terms of availability 210.00
035 ## - SYSTEM CONTROL NUMBER
System control number EN-103164
037 ## - SOURCE OF ACQUISITION
Source of stock number/acquisition DBAD/PUB
082 ## - DEWEY DECIMAL CLASSIFICATION NUMBER
Classification number 230.2
100 ## - MAIN ENTRY--PERSONAL NAME
Personal name Som Ranchan
245 ## - TITLE STATEMENT
Title Hanuman:
Statement of responsibility, etc by Som Ranchan [and] R.K. Shandil
Remainder of title a talkathpon seroll /
260 ## - PUBLICATION, DISTRIBUTION, ETC. (IMPRINT)
Place of publication, distribution, etc New Delhi
Name of publisher, distributor, etc Publications Division
Date of publication, distribution, etc 2015
270 ## - ADDRESS
Address Soochna Bhawan, CGO Complex, Lodhi Road. New Delhi-110003
300 ## - PHYSICAL DESCRIPTION
Extent 132p.
Dimensions 22cm.(pbk)
700 ## - ADDED ENTRY--PERSONAL NAME
Personal name Som Charan
700 ## - ADDED ENTRY--PERSONAL NAME
Personal name Shandil,R.K.
942 ## - ADDED ENTRY ELEMENTS (KOHA)
Source of classification or shelving scheme Dewey Decimal Classification
Item type English Books
Classification part 230.2
Call number suffix SOM
Holdings
Withdrawn status Lost status Not for loan Collection code Home library Current library Date acquired Source of acquisition Cost, normal purchase price Full call number Barcode Copy number Cost, replacement price Koha item type
    Not For Loan Non-fiction D.B.Act.Division D.B.Act.Division 11/08/2017 DBAD/PUB 210.00 230.2 SOM EN-103164 1 210.00 English Books

© Delhi Public Library
Hit Counter
free hit counter